| 000 | 00864nas a2200277 4500 | ||
|---|---|---|---|
| 001 | BR0900254 | ||
| 003 | BR-BrBNA | ||
| 005 | 20231205113014.0 | ||
| 007 | ta | ||
| 008 | 230509b bl.|||p| |||| 00| 00por d | ||
| 040 |
_aBR-BrBNA _bpor _cBiblioteca Nacional de Agricultura |
||
| 041 | _a(Pt) | ||
| 072 | _aA50 | ||
| 100 | 1 | _aRey, M. dos S. | |
| 100 | 1 | _aLima, N.B. | |
| 100 | 1 | _aSantos, J. dos | |
| 100 | 1 | _aFarias, C.R.J. de | |
| 100 | 1 | _aPierobom, C.R. | |
| 245 | 1 | _aCrescimento micelial de raças de Colletotrichum lindemuthianum sob diferentes potenciais híbridos. | |
| 650 | _aPLANTA | ||
| 650 | _aCRESCIMENTO | ||
| 650 | _aPESQUISA AGROPECUÁRIA | ||
| 773 | 0 |
_tRevista Brasileira de Agrociência (Brazil) _xISSN 0104-8996 _g(Jul-Sep 2005), v. 11(3) p. 309-312 _wBR0900254 |
|
| 909 |
_a202311 _bLúcia _c55 _dLúcia Elande |
||
| 942 |
_2AGRIS _n0 _cANA |
||
| 999 |
_c201290 _d201290 |
||